From Ottomanism to Arabism: (Record no. 9733)
[ view plain ]
| 000 -LEADER | |
|---|---|
| fixed length control field | 00558cam a2200193 4500 |
| 003 - CONTROL NUMBER IDENTIFIER | |
| control field | OSt |
| 005 - DATE AND TIME OF LATEST TRANSACTION | |
| control field | 20260511143826.0 |
| 008 - FIXED-LENGTH DATA ELEMENTS--GENERAL INFORMATION | |
| fixed length control field | 730802s1973 ilu b 001 0 eng |
| 020 ## - INTERNATIONAL STANDARD BOOK NUMBER | |
| International Standard Book Number | 0252002024 |
| 020 ## - INTERNATIONAL STANDARD BOOK NUMBER | |
| International Standard Book Number | 0373123 |
| 040 ## - CATALOGING SOURCE | |
| Transcribing agency | IRDP |
| 082 00 - DEWEY DECIMAL CLASSIFICATION NUMBER | |
| Classification number | 320.540 917 492 7 DAW |
| 100 1# - MAIN ENTRY--PERSONAL NAME | |
| Personal name | Dawn, C. Ernest. |
| 245 10 - TITLE STATEMENT | |
| Title | From Ottomanism to Arabism: |
| Remainder of title | essays on the origins of Arab nationalism |
| 260 ## - PUBLICATION, DISTRIBUTION, ETC. (IMPRINT) | |
| Place of publication, distribution, etc. | Urbana; |
| Name of publisher, distributor, etc. | University of Illinois Press, |
| Date of publication, distribution, etc. | 1973. |
| 300 ## - PHYSICAL DESCRIPTION | |
| Extent | ix, 212 p. |
| Dimensions | 24 cm. |
| 504 ## - BIBLIOGRAPHY, ETC. NOTE | |
| Bibliography, etc | Includes bibliographical references. |
| 942 ## - ADDED ENTRY ELEMENTS (KOHA) | |
| Source of classification or shelving scheme | Dewey Decimal Classification |
| Koha item type | BOOKS |
| Withdrawn status | Lost status | Source of classification or shelving scheme | Damaged status | Not for loan | Home library | Current library | Shelving location | Date acquired | Total Checkouts | Full call number | Barcode | Date last seen | Price effective from | Koha item type |
|---|---|---|---|---|---|---|---|---|---|---|---|---|---|---|
| Dewey Decimal Classification | Dodoma | Dodoma | Ground Floor | 11/05/2026 | 320.540 917 492 7 DAW | LIB*12650 | 11/05/2026 | 11/05/2026 | BOOKS |
